Eurosummer (Lyrics)- Zara Larsson - Statistics

General Stats
  • This quiz has been taken 22 times
  • The average score is 156 of 218
Answer Stats
Answer % Correct
I?
100%
I
100%
be
94%
a
88%
Euro
88%
feels
88%
Feels
88%
I'm
88%
In
88%
in
88%
my
88%
on
88%
summer
88%
Summer
88%
You
88%
for
82%
friends
82%
fun
82%
girl
82%
I'll
82%
like
82%
me
82%
months
82%
sun
82%
sundress
82%
Tell
82%
tell
82%
this
82%
This
82%
to
82%
too
82%
two
82%
your
82%
Baby
76%
baby
76%
barely
76%
little
76%
the
76%
up
76%
am
71%
an
71%
covers
71%
get
71%
how
71%
How
71%
How'd
71%
never
71%
no
71%
sexy
71%
Very
71%
and
65%
beach
65%
Drunk
65%
easyjet
65%
forget
65%
go
65%
good
65%
got
65%
Got
65%
is
65%
Is
65%
Kiss
65%
kiss
65%
Let
65%
let's
65%
night?
65%
sleep
65%
sober
65%
we
65%
Every
59%
French
59%
gettin'
59%
hand
59%
home?
59%
it
59%
last
59%
life?
59%
love?
59%
red
59%
Red
59%
Remember
59%
Safely
59%
crazy
53%
euros
53%
fucking
53%
lips
53%
live
53%
more
53%
Naked
53%
night's
53%
real
53%
something
53%
spend
53%
time
53%
won't
53%
all
47%
bikini
47%
'Cause
47%
cigarettes
47%
dead
47%
event
47%
One
47%
Show
47%
skinny
47%
Smoking
47%
under
47%
until
47%
Now
41%
sangria
41%
bedsheets
35%
hot
35%
Maybe
35%
picture
35%
you're
35%
memory
29%
wine
29%
Vaguely
24%
forever
18%
lasts
18%
Nothings
12%
Frame
6%
No matching quizzes found
Score Distribution
Percent of People with Each Score
Percentile by Number Answered
Your Score History
You have not taken this quiz